|
|
|
|
| LEADER |
02509nam a22003853i 4500 |
| 001 |
EBC7101203 |
| 003 |
MiAaPQ |
| 005 |
20240729202204.0 |
| 006 |
m o d | |
| 007 |
cr cnu|||||||| |
| 008 |
240729s2014 xx o ||||0 ger d |
| 020 |
|
|
|a 9783428572632
|q (electronic bk.)
|
| 020 |
|
|
|z 9783428172634
|
| 035 |
|
|
|a (MiAaPQ)EBC7101203
|
| 035 |
|
|
|a (Au-PeEL)EBL7101203
|
| 035 |
|
|
|a (OCoLC)1348484829
|
| 040 |
|
|
|a MiAaPQ
|b eng
|e rda
|e pn
|c MiAaPQ
|d MiAaPQ
|
| 100 |
1 |
|
|a Socialpolitik, Verein für.
|
| 245 |
1 |
0 |
|a Verhandlungen der Sechsten Generalversammlung des Vereins Für Socialpolitik über Die Zolltarifvorlagen Am 21. und 22. April 1879 in Frankfurt A. M. :
|b Auf Grund der Stenographischen Niederschrift Hrsg. Vom Ständigen Ausschuß. (Schriften des Vereins Für Socialpolitik XVI).
|
| 250 |
|
|
|a 1st ed.
|
| 264 |
|
1 |
|a Berlin :
|b Duncker & Humblot,
|c 2014.
|
| 264 |
|
4 |
|c {copy}1879.
|
| 300 |
|
|
|a 1 online resource (153 pages)
|
| 336 |
|
|
|a text
|b txt
|2 rdacontent
|
| 337 |
|
|
|a computer
|b c
|2 rdamedia
|
| 338 |
|
|
|a online resource
|b cr
|2 rdacarrier
|
| 490 |
1 |
|
|a Duncker and Humblot Reprints Series
|
| 505 |
0 |
|
|a Intro -- Erste Sitzung. Montag, den 21. April 1879. (Die Sitzung wird um 10 1/4 Uhr eröffnet.) -- Referat vom Handelskammersecretär Dr. I. Gensel (Leipzig) über die Zolltarifvorlage. -- Correferat von Prof. Dr. G. Schmöller (Straßburg i. E.) über die Zolltarifvorlage. -- Zweite Sitzung. Dienstag, den 22. April 1879. (Die Sitzung wird um 10 Uhr eröffnet.) -- Verzeichniß der Redner. -- Liste der Theilnehmer an der sechsten Generalversammlung des Vereins für Socialpolitik. -- I. Alte Mitglieder. -- II. Neue Mitglieder. -- III. Anwesende Mitglieder des volkswirthschaftlichen Congresses zu Posen.
|
| 588 |
|
|
|a Description based on publisher supplied metadata and other sources.
|
| 590 |
|
|
|a Electronic reproduction. Ann Arbor, Michigan : ProQuest Ebook Central, 2024. Available via World Wide Web. Access may be limited to ProQuest Ebook Central affiliated libraries.
|
| 655 |
|
4 |
|a Electronic books.
|
| 776 |
0 |
8 |
|i Print version:
|a Socialpolitik, Verein für
|t Verhandlungen der Sechsten Generalversammlung des Vereins Für Socialpolitik über Die Zolltarifvorlagen Am 21. und 22. April 1879 in Frankfurt A. M.
|d Berlin : Duncker & Humblot,c2014
|z 9783428172634
|
| 797 |
2 |
|
|a ProQuest (Firm)
|
| 830 |
|
0 |
|a Duncker and Humblot Reprints Series
|
| 856 |
4 |
0 |
|u https://ebookcentral.proquest.com/lib/matrademy/detail.action?docID=7101203
|z Click to View
|